000
00305nam a2200121 a 4500
008
101209s2005|||| d
100
1
_a
Ripka, I.
245
1
0
_a
Príručka slovenského pravopisu pre školy a prax
260
_b
Cesty
_a
Bratislava
_c
2005
020
_c
299
041
_a
slo
044
_a
xo
_c
SK
999
_c
15039
_d
15039